[Event "POL-chT 2nd League"]
[Site "Jastrzebia Gora"]
[Date "2019.09.14"]
[Round "8.13"]
[White "Myc, Marcin"]
[Black "Kaczmarek, Arkadiusz"]
[Result "0-1"]
[WhiteElo "2287"]
[BlackElo "2061"]
[PlyCount "80"]
[EventDate "2019.09.07"]
[EventType "team-swiss"]
[EventRounds "9"]
[EventCountry "POL"]
[SourceTitle "EXT 2020"]
[Source "ChessBase"]
[SourceDate "2019.10.17"]
[SourceVersion "1"]
[SourceVersionDate "2019.10.17"]
[SourceQuality "1"]
[WhiteTeam "Siedlce KSz Skoczek"]
[BlackTeam "Olsztyn Kopernik"]
[WhiteTeamCountry "POL"]
[BlackTeamCountry "POL"]

1. c4 c6 2. e4 d5 3. cxd5 cxd5 4. exd5 Nf6 5. Qa4+ Nbd7 6. Nc3 g6 7. Nf3 Bg7 8. Bc4 0-0 9. d3 Nb6 10. Qb3 Bg4 11. Ne5 Bf5 12. 0-0 Ne8 13. f4 Nd6 14. Be3 f6 15. Nf3 Nbxc4 16. dxc4 Bd3 17. Rfe1 Bxc4 18. Qd1 Nf5 19. Bf2 Qd6 20. b3 Ba6 21. Qd2 Qd7 22. Re6 Rfd8 23. Rae1 Bf8 24. Nd4 Ng7 25. R6e3 Rac8 26. Ne6 Nxe6 27. Rxe6 Qc7 28. Bd4 Qa5 29. f5 Rxd5 30. fxg6 Rxd4 31. gxh7+ Kh8 32. Qxd4 Qxc3 33. Qg4 Qc5+ 34. R6e3 Bh6 35. Qxc8+ Qxc8 36. Rxe7 Bf8 37. Rf7 Bb5 38. a4 Bc5+ 39. Kh1 Bc6 40. a5 Bxg2+ 0-1

[Event "POL-chT 2nd League"]
[Site "Jastrzebia Gora"]
[Date "2018.09.05"]
[Round "5.98"]
[White "Myc, Marcin"]
[Black "Daniel, Damian"]
[Result "1-0"]
[WhiteElo "2267"]
[BlackElo "2174"]
[PlyCount "81"]
[EventDate "2018.09.01"]
[EventType "team-swiss"]
[EventRounds "9"]
[EventCountry "POL"]
[SourceTitle "CBM 186 Extra"]
[Source "ChessBase"]
[SourceDate "2018.08.24"]
[SourceVersion "1"]
[SourceVersionDate "2018.08.24"]
[SourceQuality "1"]
[WhiteTeam "Siedlce KSz Skoczek"]
[BlackTeam "Zarow Goniec"]
[WhiteTeamCountry "POL"]
[BlackTeamCountry "POL"]

1. Nf3 Nf6 2. c4 e6 3. g3 b6 4. Bg2 Bb7 5. 0-0 Be7 6. b3 0-0 7. Bb2 d5 8. e3 dxc4 9. bxc4 c5 10. Nc3 Nc6 11. Qe2 Rc8 12. Rfd1 Qc7 13. Rac1 Rfd8 14. Nb5 Qb8 15. d3 Ne8 16. d4 cxd4 17. exd4 Bf6 18. d5 exd5 19. cxd5 Na5 20. Rxc8 Bxc8 21. Ne5 a6 22. Nc6 Nxc6 23. dxc6 Rxd1+ 24. Qxd1 axb5 25. Bxf6 gxf6 26. Qd8 Kf8 27. Bh3 Qc7 28. Qxc8 Qxc8 29. Bxc8 Ke7 30. Bf5 h6 31. f4 Kd6 32. Be4 b4 33. Kf2 Nc7 34. Ke3 Nb5 35. h4 Nc3 36. g4 f5 37. Bxf5 Kxc6 38. g5 hxg5 39. h5 Nd5+ 40. Kd4 Ne7 41. Be4+ 1-0

[Event "Mazowiec-chT 1617"]
[Site "Warsaw"]
[Date "2017.01.15"]
[Round "5.1"]
[White "Myc, Marcin"]
[Black "Maj, Pawel1111"]
[Result "1-0"]
[WhiteElo "2306"]
[BlackElo "2109"]
[PlyCount "103"]
[EventDate "2016.12.11"]
[EventType "team-tourn"]
[EventRounds "10"]
[EventCountry "POL"]
[SourceTitle "EXT 2019"]
[Source "ChessBase"]
[SourceDate "2018.10.10"]
[SourceVersion "1"]
[SourceVersionDate "2018.10.10"]
[SourceQuality "1"]

1. c4 Nf6 2. Nf3 c5 3. Nc3 b6 4. e4 d6 5. d4 cxd4 6. Nxd4 Bb7 7. f3 e6 8. Be2 Be7 9. 0-0 0-0 10. Be3 a6 11. Qd2 Nbd7 12. Rfd1 Rc8 13. Rac1 Qc7 14. b3 Qb8 15. Na4 Bd8 16. Nc2 Bc7 17. Bf4 Ne5 18. Bg5 Ng6 19. Ne3 Nd7 20. Nf1 h6 21. Be3 Rfd8 22. Ng3 Bc6 23. Nc3 b5 24. cxb5 axb5 25. Nd5 Bxd5 26. exd5 Bb6 27. dxe6 fxe6 28. Rxc8 Rxc8 29. Kh1 Bxe3 30. Qxe3 Ndf8 31. Bd3 Ne5 32. Bb1 b4 33. f4 Rc3 34. Qe2 Nf7 35. f5 e5 36. Qg4 Rc7 37. Nh5 Ng5 38. h4 Ngh7 39. f6 g5 40. Be4 Ra7 41. Bd5+ Kh8 42. hxg5 Nxg5 43. Ng7 Nfh7 44. Nh5 Qd8 45. f7 Rc7 46. Rf1 Qe7 47. Qxb4 Nf8 48. a4 Rc5 49. Qb7 Rc7 50. Qb8 Nxf7 51. Kg1 Nd8 52. Rxf8+ 1-0

[Event "Mazowiec-chT 1617"]
[Site "Warsaw"]
[Date "2017.01.15"]
[Round "6.1"]
[White "Sielicki, Tomasz"]
[Black "Myc, Marcin"]
[Result "1/2-1/2"]
[WhiteElo "1947"]
[BlackElo "2306"]
[PlyCount "89"]
[EventDate "2016.12.11"]
[EventType "team-tourn"]
[EventRounds "10"]
[EventCountry "POL"]
[SourceTitle "EXT 2019"]
[Source "ChessBase"]
[SourceDate "2018.10.10"]
[SourceVersion "1"]
[SourceVersionDate "2018.10.10"]
[SourceQuality "1"]

1. d4 Nf6 2. Bg5 Ne4 3. h4 c5 4. d5 Qa5+ 5. c3 g6 6. Nd2 Nxg5 7. hxg5 Bg7 8. e4 d6 9. Nc4 Qc7 10. a4 h5 11. Nf3 0-0 12. Be2 Rd8 13. Nh4 e6 14. Ne3 Qe7 15. dxe6 Qxe6 16. Bc4 Qxe4 17. Bd5 Qe5 18. Qf3 Rd7 19. Nxg6 Qxg5 20. Qxh5 Qxh5 21. Rxh5 Nc6 22. Nf5 Rc7 23. Nxg7 Kxg7 24. Nf4 Ne5 25. Kd2 Bg4 26. Rh4 Rh8 27. Rah1 Rxh4 28. Rxh4 Bd7 29. Nh5+ Kg6 30. f4 Ng4 31. Be4+ f5 32. Rxg4+ Kxh5 33. Rg5+ Kh4 34. Bxf5 Bxf5 35. Rxf5 Kg3 36. Rd5 Kxf4 37. Rxd6 Rg7 38. Rf6+ Ke4 39. Rf2 b6 40. b3 Rg3 41. Re2+ Kd5 42. Kc2 a6 43. Kd2 b5 44. axb5 axb5 45. Kc2 1/2-1/2

[Event "Mazowiec-chT 1617"]
[Site "Warsaw"]
[Date "2016.12.11"]
[Round "1.11"]
[White "Myc, Marcin"]
[Black "Chomczyk, Marek"]
[Result "0-1"]
[WhiteElo "2306"]
[BlackElo "2139"]
[PlyCount "88"]
[EventDate "2016.12.11"]
[EventType "team-tourn"]
[EventRounds "10"]
[EventCountry "POL"]
[SourceTitle "EXT 2019"]
[Source "ChessBase"]
[SourceDate "2018.10.10"]
[SourceVersion "1"]
[SourceVersionDate "2018.10.10"]
[SourceQuality "1"]

1. Nf3 Nf6 2. c4 e6 3. g3 d5 4. Bg2 Be7 5. 0-0 0-0 6. b3 c5 7. Bb2 Nc6 8. e3 b6 9. Nc3 Bb7 10. cxd5 Nxd5 11. Nxd5 exd5 12. d4 Ba6 13. Re1 c4 14. bxc4 Bxc4 15. Nd2 Bd3 16. Rc1 Na5 17. Nb3 Nxb3 18. axb3 Bf5 19. f3 Qd7 20. e4 dxe4 21. fxe4 Bg4 22. Qd3 Rad8 23. d5 f6 24. e5 fxe5 25. Bxe5 Bc5+ 26. Kh1 Rf2 27. b4 Bf5 28. Qc4 Bd6 29. Qd4 Ra2 30. Ra1 Rxa1 31. Rxa1 Re8 32. Bxd6 Qxd6 33. Kg1 Re7 34. Rf1 Bg6 35. Rc1 h6 36. Rc6 Re1+ 37. Kf2 Qe7 38. Qd2 Rb1 39. Bf3 Qe5 40. Re6 Qa1 41. Be2 Bf5 42. Re8+ Kh7 43. Qf4 Bg6 44. Re3 Rh1 0-1

[Event "POL-chT 2nd League"]
[Site "Jastrzebia Gora"]
[Date "2015.09.12"]
[Round "8.55"]
[White "Myc, Marcin"]
[Black "Walter, Szymon"]
[Result "1/2-1/2"]
[WhiteElo "2315"]
[BlackElo "2214"]
[PlyCount "71"]
[EventDate "2015.09.05"]
[EventType "team-swiss"]
[EventRounds "9"]
[EventCountry "POL"]
[SourceTitle "EXT 2017"]
[Source "ChessBase"]
[SourceDate "2016.10.25"]
[SourceVersion "1"]
[SourceVersionDate "2016.10.25"]
[SourceQuality "1"]
[WhiteTeam "Siedlce KSz Skoczek"]
[BlackTeam "Podlesie UKS 21"]
[WhiteTeamCountry "POL"]
[BlackTeamCountry "POL"]

1. Nf3 Nf6 2. c4 e6 3. g3 d5 4. Bg2 dxc4 5. Qc2 c6 6. Qxc4 b5 7. Qc2 Bb7 8. a4 a6 9. d4 Nbd7 10. 0-0 c5 11. axb5 axb5 12. Rxa8 Qxa8 13. dxc5 Bxc5 14. Nc3 Bc6 15. Ne1 Bxg2 16. Nxg2 Qb7 17. Qd3 b4 18. Ne4 Be7 19. Be3 0-0 20. Nf4 Rc8 21. Rd1 g6 22. b3 Ne5 23. Qd4 Neg4 24. Qa7 Qxa7 25. Bxa7 Rc2 26. f3 Ne5 27. Kf2 g5 28. Nd3 Nxd3+ 29. Rxd3 Nd5 30. Bd4 f6 31. Ke1 Rc1+ 32. Rd1 Rc2 33. Rd2 Rc1+ 34. Rd1 Rc2 35. Rd2 Rc1+ 36. Rd1 1/2-1/2

[Event "Brno Duras op"]
[Site "Brno"]
[Date "2015.07.04"]
[Round "8"]
[White "Zuziak, Petr"]
[Black "Myc, Marcin"]
[Result "0-1"]
[WhiteElo "1937"]
[BlackElo "2285"]
[PlyCount "48"]
[EventDate "2015.06.27"]
[EventType "swiss"]
[EventRounds "9"]
[EventCountry "CZE"]
[SourceTitle "CBM 167 Extra"]
[Source "ChessBase"]
[SourceDate "2015.09.14"]
[SourceVersion "1"]
[SourceVersionDate "2015.09.14"]
[SourceQuality "1"]

1. d4 Nf6 2. Nf3 c5 3. e3 g6 4. c4 Bg7 5. Nc3 0-0 6. Be2 cxd4 7. exd4 d5 8. c5 b6 9. b4 Ne4 10. Qb3 bxc5 11. bxc5 Qa5 12. Bb2 Nc6 13. Qa4 Rb8 14. Qxa5 Nxa5 15. Na4 Bd7 16. Bc3 Nc4 17. Bxc4 dxc4 18. Nb2 Nxc3 19. Nxc4 Bb5 20. Na5 e5 21. dxe5 Rfc8 22. Nb3 Bc4 23. Nfd2 Bxb3 24. Nxb3 Bxe5 0-1

[Event "Brno Duras op"]
[Site "Brno"]
[Date "2015.06.30"]
[Round "4"]
[White "Myc, Marcin"]
[Black "Nurkiewicz, Maciej"]
[Result "1/2-1/2"]
[WhiteElo "2285"]
[BlackElo "2370"]
[PlyCount "25"]
[EventDate "2015.06.27"]
[EventType "swiss"]
[EventRounds "9"]
[EventCountry "CZE"]
[SourceTitle "CBM 167 Extra"]
[Source "ChessBase"]
[SourceDate "2015.09.14"]
[SourceVersion "1"]
[SourceVersionDate "2015.09.14"]
[SourceQuality "1"]

1. Nf3 Nf6 2. c4 g6 3. b4 Bg7 4. Bb2 0-0 5. g3 c6 6. Bg2 d5 7. Na3 Qb6 8. Qb3 Na6 9. cxd5 cxd5 10. Nc2 Ne4 11. 0-0 Bxb2 12. Qxb2 Bg4 13. Ne3 1/2-1/2

[Event "Brno Duras op"]
[Site "Brno"]
[Date "2015.06.28"]
[Round "2"]
[White "Madynski, Pawel"]
[Black "Myc, Marcin"]
[Result "0-1"]
[WhiteElo "2017"]
[BlackElo "2285"]
[PlyCount "154"]
[EventDate "2015.06.27"]
[EventType "swiss"]
[EventRounds "9"]
[EventCountry "CZE"]
[SourceTitle "CBM 167 Extra"]
[Source "ChessBase"]
[SourceDate "2015.09.14"]
[SourceVersion "1"]
[SourceVersionDate "2015.09.14"]
[SourceQuality "1"]

1. Nc3 d5 2. e4 c6 3. d4 dxe4 4. Nxe4 Bf5 5. Ng3 Bg6 6. h4 h6 7. f4 e6 8. h5 Bh7 9. Nf3 Nd7 10. Bd3 Bxd3 11. Qxd3 Ngf6 12. Ne5 Qc7 13. Qe2 Bd6 14. Nxd7 Kxd7 15. Rf1 Qa5+ 16. Bd2 Qb5 17. b3 Qxe2+ 18. Kxe2 b5 19. c4 Rab8 20. Kd3 bxc4+ 21. bxc4 Rb2 22. Ne2 Nxh5 23. Bc1 Rxe2 24. Kxe2 Ng3+ 25. Kf2 Nxf1 26. Kxf1 Rb8 27. c5 Be7 28. Be3 Rb5 29. Ke2 g5 30. fxg5 hxg5 31. Kd3 e5 32. d5 Bxc5 33. dxc6+ Kxc6 34. Bxc5 Kxc5 35. Rf1 Kd5 36. Rxf7 Ra5 37. Rg7 Ra3+ 38. Ke2 Rxa2+ 39. Ke3 Rxg2 40. Rxa7 Rg3+ 41. Kf2 Rg4 42. Ra6 Ke4 43. Ra8 Rf4+ 44. Ke2 Rf7 45. Rg8 Kf4 46. Kf2 g4 47. Kg2 e4 48. Kf2 Rf6 49. Re8 g3+ 50. Kg2 Rb6 51. Rf8+ Ke3 52. Rd8 Rc6 53. Rd7 Re6 54. Rd8 Re5 55. Rd7 Rf5 56. Ra7 Rd5 57. Rf7 Ke2 58. Kxg3 Rd3+ 59. Kg2 e3 60. Ra7 Rd2 61. Ra3 Ke1+ 62. Kf3 e2 63. Ke3 Kf1 64. Kxd2 e1Q+ 65. Kc2 Qe4+ 66. Kc3 Ke2 67. Ra2+ Ke3 68. Rc2 Qd4+ 69. Kb3 Kd3 70. Rc1 Qb6+ 71. Ka3 Qb5 72. Ka2 Qb4 73. Rb1 Qa4+ 74. Kb2 Kd2 75. Ra1 Qc2+ 76. Ka3 Kc3 77. Ra2 Qb3# 0-1

[Event "Mazowiec-chT 1415"]
[Site "Warsaw"]
[Date "2015.03.01"]
[Round "6.5"]
[White "Myc, Marcin"]
[Black "Dukaczewski, Piotr"]
[Result "1-0"]
[WhiteElo "2286"]
[BlackElo "2325"]
[PlyCount "103"]
[EventDate "2015.01.11"]
[EventType "team-tourn"]
[EventRounds "7"]
[EventCountry "POL"]
[SourceTitle "EXT 2019"]
[Source "ChessBase"]
[SourceDate "2018.10.10"]
[SourceVersion "1"]
[SourceVersionDate "2018.10.10"]
[SourceQuality "1"]

1. Nf3 Nf6 2. d4 d5 3. c4 dxc4 4. Nc3 a6 5. a4 Nc6 6. Bg5 h6 7. Bh4 g5 8. Bg3 Bf5 9. a5 e6 10. Qa4 Bb4 11. e3 Ne4 12. Rc1 0-0 13. Bxc4 Bxa5 14. Be2 b5 15. Qd1 Ne7 16. 0-0 Bxc3 17. bxc3 Nd5 18. Qe1 c6 19. Ne5 Ne7 20. f3 Nxg3 21. Qxg3 f6 22. Nd3 Bxd3 23. Bxd3 Kg7 24. f4 Ng6 25. Qf3 Qd6 26. Qh5 f5 27. fxg5 Rh8 28. g3 Raf8 29. e4 hxg5 30. Qxg5 Qe7 31. Qe3 f4 32. gxf4 Qh4 33. Qg3 Rxf4 34. Rxf4 Qxf4 35. Ra1 Qxg3+ 36. hxg3 Ra8 37. Ra5 Nf8 38. Kf2 Nd7 39. c4 Nb6 40. c5 Nd7 41. e5 Nf8 42. Be4 b4 43. Bxc6 Ra7 44. Bb5 b3 45. Rxa6 Rf7+ 46. Ke2 b2 47. Bd3 Rd7 48. Ke3 Ng6 49. Bxg6 Kxg6 50. Rxe6+ Kf5 51. Rf6+ Kg4 52. Rb6 1-0

[Event "POL-chT 2nd League"]
[Site "Szczyrk"]
[Date "2014.09.09"]
[Round "4.97"]
[White "Myc, Marcin"]
[Black "Gierulski, Kamil"]
[Result "1-0"]
[WhiteElo "2289"]
[BlackElo "2023"]
[PlyCount "71"]
[EventDate "2014.09.06"]
[EventType "team-swiss"]
[EventRounds "9"]
[EventCountry "POL"]
[SourceTitle "EXT 2015"]
[Source "ChessBase"]
[SourceDate "2014.11.20"]
[SourceVersion "1"]
[SourceVersionDate "2014.11.20"]
[SourceQuality "1"]
[WhiteTeam "Siedlce KSz Skoczek"]
[BlackTeam "Rzeszow RzKSz"]
[WhiteTeamCountry "POL"]
[BlackTeamCountry "POL"]

1. d4 Nf6 2. c4 e6 3. Nc3 Bb4 4. e3 d5 5. Nge2 dxc4 6. a3 Be7 7. Qa4+ Nbd7 8. Qxc4 0-0 9. g3 e5 10. Bg2 Nb6 11. Qd3 c6 12. Qc2 Qc7 13. 0-0 Be6 14. b3 Rac8 15. Bb2 Bd6 16. e4 Nfd7 17. dxe5 Nxe5 18. Nd4 Qe7 19. h3 c5 20. Nxe6 Qxe6 21. f4 Nc6 22. Nb5 c4 23. b4 Be7 24. e5 c3 25. Nxc3 a5 26. bxa5 Nxa5 27. Qe2 Nbc4 28. Nd5 Nb3 29. f5 Bc5+ 30. Kh1 Qa6 31. Rad1 Bxa3 32. Bxa3 Qxa3 33. f6 g6 34. Ne7+ Kh8 35. Nxc8 Rxc8 36. Qxc4 1-0

[Event "POL-chT 2nd League"]
[Site "Szczyrk"]
[Date "2014.09.06"]
[Round "1.91"]
[White "Goluch, Piotr"]
[Black "Myc, Marcin"]
[Result "0-1"]
[WhiteElo "2253"]
[BlackElo "2289"]
[PlyCount "56"]
[EventDate "2014.09.06"]
[EventType "team-swiss"]
[EventRounds "9"]
[EventCountry "POL"]
[SourceTitle "EXT 2015"]
[Source "ChessBase"]
[SourceDate "2014.11.20"]
[SourceVersion "1"]
[SourceVersionDate "2014.11.20"]
[SourceQuality "1"]
[WhiteTeam "Wroclaw AZS Politechnika"]
[BlackTeam "Siedlce KSz Skoczek"]
[WhiteTeamCountry "POL"]
[BlackTeamCountry "POL"]

1. e4 c6 2. d4 d5 3. e5 Bf5 4. Nc3 e6 5. g4 Bg6 6. Nge2 c5 7. h4 h5 8. Nf4 Nc6 9. Nxg6 fxg6 10. Bd3 cxd4 11. Nb5 Nxe5 12. Nxd4 Kd7 13. Bf4 Qf6 14. Bg5 Nxd3+ 15. Qxd3 Qe5+ 16. Kd2 Qe4 17. Rae1 Qxd3+ 18. Kxd3 Re8 19. Nb5 Nf6 20. gxh5 Rxh5 21. Nxa7 Ra8 22. Nb5 Rxa2 23. Nd4 Ne4 24. Be3 Rxb2 25. Rh3 Nc5+ 26. Kc3 Na4+ 27. Kd3 e5 28. Bc1 Ra2 0-1

[Event "Mazowiec-chT 1314"]
[Site "Poland"]
[Date "2014.02.02"]
[Round "5.16"]
[White "Lewandrowski, Tomasz"]
[Black "Myc, Marcin"]
[Result "0-1"]
[WhiteElo "1817"]
[BlackElo "2307"]
[PlyCount "110"]
[EventDate "2014.01.12"]
[EventType "team-tourn"]
[EventRounds "10"]
[EventCountry "POL"]
[SourceTitle "EXT 2019"]
[Source "ChessBase"]
[SourceDate "2018.10.10"]
[SourceVersion "1"]
[SourceVersionDate "2018.10.10"]
[SourceQuality "1"]

1. e4 c6 2. d4 d5 3. exd5 cxd5 4. Bd3 Nc6 5. c3 g6 6. Ne2 Bg7 7. 0-0 Nh6 8. Ng3 0-0 9. f4 Nf5 10. Nxf5 Bxf5 11. Bxf5 gxf5 12. Qh5 e6 13. Nd2 Qf6 14. Nf3 Qh6 15. Qxh6 Bxh6 16. Ne5 f6 17. Nxc6 bxc6 18. b3 Rfc8 19. Ba3 Bf8 20. Bxf8 Kxf8 21. Rae1 Kf7 22. Rf3 h5 23. Rfe3 Re8 24. Kf2 Re7 25. Rh3 Rh8 26. Ree3 Ree8 27. Ke2 Reg8 28. Reg3 Rg4 29. Rxg4 fxg4 30. Re3 h4 31. Kd3 Rh5 32. a4 Rf5 33. g3 Rh5 34. Re2 hxg3 35. hxg3 Rh3 36. Rg2 Kg6 37. c4 Kf5 38. cxd5 exd5 39. Rg1 Rh2 40. Re1 Rg2 41. Re3 Rg1 42. Ke2 Rb1 43. Kd2 Rh1 44. Ke2 a5 45. Kd2 Rh8 46. Ke2 Rb8 47. Kd2 Rb4 48. Kc3 c5 49. Rd3 c4 50. bxc4 Rxc4+ 51. Kb3 Ke4 52. Rd1 Rxd4 53. Re1+ Kf3 54. Re6 Kxg3 55. Rxf6 Rxf4 0-1

[Event "Mazowiec-chT 1314"]
[Site "Poland"]
[Date "2014.01.19"]
[Round "3.1"]
[White "Myc, Marcin"]
[Black "Choroszej, Aleksander"]
[Result "0-1"]
[WhiteElo "2307"]
[BlackElo "2130"]
[PlyCount "82"]
[EventDate "2014.01.12"]
[EventType "team-tourn"]
[EventRounds "10"]
[EventCountry "POL"]
[SourceTitle "EXT 2019"]
[Source "ChessBase"]
[SourceDate "2018.10.10"]
[SourceVersion "1"]
[SourceVersionDate "2018.10.10"]
[SourceQuality "1"]

1. d4 g6 2. c4 Bg7 3. Nc3 d6 4. e4 e5 5. Nge2 Nc6 6. Be3 exd4 7. Nxd4 Nge7 8. Be2 0-0 9. 0-0 f5 10. exf5 Nxf5 11. Nxf5 Bxf5 12. Qd2 Ne5 13. Rad1 Be6 14. Bg5 Qe8 15. Nd5 Qf7 16. b3 Rae8 17. Bh6 Bxh6 18. Qxh6 Ng4 19. Qd2 Nf6 20. Ne3 b6 21. Bf3 Re7 22. Rfe1 h5 23. h4 Bg4 24. Bd5 Be6 25. Bc6 Kh7 26. f3 Bd7 27. Bxd7 Rxd7 28. Nd5 Nxd5 29. cxd5 Re8 30. Kf2 Rde7 31. g3 Re5 32. Rxe5 Rxe5 33. Qc3 Kg8 34. Qd3 Kg7 35. Qd4 Kh7 36. f4 Qf5 37. Rc1 Re7 38. a4 Qh3 39. Rg1 Qh2+ 40. Rg2 Re2+ 41. Kxe2 Qxg2+ 0-1

[Event "Mazowiec-chT 1213"]
[Site "Poland"]
[Date "2013.01.20"]
[Round "3.6"]
[White "Myc, Marcin"]
[Black "Winiarski, Mikolaj"]
[Result "1-0"]
[WhiteElo "2318"]
[BlackElo "2089"]
[PlyCount "49"]
[EventDate "2013.01.13"]
[EventType "team-tourn"]
[EventRounds "10"]
[EventCountry "POL"]
[SourceTitle "EXT 2019"]
[Source "ChessBase"]
[SourceDate "2018.10.10"]
[SourceVersion "1"]
[SourceVersionDate "2018.10.10"]
[SourceQuality "1"]

1. d4 Nf6 2. c4 e6 3. Nc3 Bb4 4. e3 b6 5. Nge2 Bb7 6. a3 Be7 7. d5 0-0 8. Ng3 Bd6 9. Be2 exd5 10. cxd5 Be5 11. e4 Re8 12. f3 Qe7 13. Nf5 Qc5 14. Be3 Bxc3+ 15. Kf2 Qf8 16. bxc3 d6 17. Bd4 Bc8 18. g4 Bxf5 19. gxf5 Qe7 20. Bb5 Nbd7 21. Rg1 Rad8 22. Qd2 Nh5 23. Rg5 Nhf6 24. Bxd7 Rxd7 25. Rxg7+ 1-0

[Event "Chojnice op-A 4th"]
[Site "Chojnice"]
[Date "2008.07.18"]
[Round "9"]
[White "Myc, Marcin"]
[Black "Ziolkowski, Dawid"]
[Result "1-0"]
[WhiteElo "2312"]
[BlackElo "2183"]
[PlyCount "69"]
[EventDate "2008.07.12"]
[EventType "swiss"]
[EventRounds "9"]
[EventCountry "POL"]
[SourceTitle "EXT 2018"]
[Source "ChessBase"]
[SourceDate "2017.10.13"]
[SourceVersion "1"]
[SourceVersionDate "2017.10.13"]
[SourceQuality "1"]

1. d4 Nf6 2. c4 c5 3. d5 b5 4. cxb5 a6 5. b6 e6 6. Nc3 Nxd5 7. Nxd5 exd5 8. Qxd5 Nc6 9. Nf3 Rb8 10. e4 Be7 11. Bc4 0-0 12. 0-0 Rxb6 13. Ng5 Qe8 14. Qf5 g6 15. Qh3 Bxg5 16. Bxg5 Qxe4 17. Qh6 Qf5 18. Rae1 Ne5 19. Re3 Ng4 20. Qh4 Nxe3 21. fxe3 Qe5 22. Bh6 g5 23. Qh5 Rxh6 24. Qxh6 d5 25. Bxa6 Bxa6 26. Qxa6 Qxe3+ 27. Kh1 d4 28. Rd1 Re8 29. h3 Qf2 30. Qd6 Re1+ 31. Rxe1 Qxe1+ 32. Kh2 Qc1 33. a4 Qf4+ 34. Qxf4 gxf4 35. Kg1 1-0

[Event "Chojnice op-A 4th"]
[Site "Chojnice"]
[Date "2008.07.17"]
[Round "8"]
[White "Jaroch, Karol"]
[Black "Myc, Marcin"]
[Result "1-0"]
[WhiteElo "2158"]
[BlackElo "2312"]
[PlyCount "103"]
[EventDate "2008.07.12"]
[EventType "swiss"]
[EventRounds "9"]
[EventCountry "POL"]
[SourceTitle "EXT 2018"]
[Source "ChessBase"]
[SourceDate "2017.10.13"]
[SourceVersion "1"]
[SourceVersionDate "2017.10.13"]
[SourceQuality "1"]

1. e4 c5 2. Nf3 Nc6 3. d4 cxd4 4. Nxd4 Nf6 5. Nc3 e5 6. Ndb5 d6 7. Bg5 a6 8. Na3 b5 9. Nd5 Be7 10. Bxf6 Bxf6 11. c3 Bg5 12. Nc2 Rb8 13. Be2 0-0 14. 0-0 a5 15. Nce3 g6 16. a4 bxa4 17. Nc4 Ba6 18. Qxa4 Bb5 19. Qc2 f5 20. Rad1 Kh8 21. Na3 Bxe2 22. Qxe2 fxe4 23. Nc4 a4 24. Qxe4 Na5 25. Nxa5 Qxa5 26. Nb4 Qb6 27. g3 Ra8 28. h4 Be7 29. Qg4 Qb7 30. Nd5 Bd8 31. Qe6 Ra6 32. Nb4 Rb6 33. Rxd6 Rxd6 34. Qxd6 Qe7 35. Qxe7 Bxe7 36. Ra1 Ra8 37. Nd5 Bd8 38. Kg2 Ra5 39. c4 Kg7 40. Nc3 a3 41. Rxa3 Rxa3 42. bxa3 Kf6 43. Kf3 Ba5 44. Ne4+ Kf5 45. g4+ Ke6 46. Nc5+ Ke7 47. Ke4 Bc3 48. Kd5 h5 49. g5 Bd4 50. Ne4 Kd7 51. c5 Kc7 52. c6 1-0

[Event "Chojnice op-A 4th"]
[Site "Chojnice"]
[Date "2008.07.16"]
[Round "7"]
[White "Myc, Marcin"]
[Black "Gunajew, Rafal"]
[Result "1/2-1/2"]
[WhiteElo "2312"]
[BlackElo "2241"]
[PlyCount "36"]
[EventDate "2008.07.12"]
[EventType "swiss"]
[EventRounds "9"]
[EventCountry "POL"]
[SourceTitle "EXT 2018"]
[Source "ChessBase"]
[SourceDate "2017.10.13"]
[SourceVersion "1"]
[SourceVersionDate "2017.10.13"]
[SourceQuality "1"]

1. d4 d5 2. Nf3 c6 3. Bf4 Bf5 4. e3 e6 5. Bd3 Bxd3 6. cxd3 Nf6 7. Nc3 Be7 8. h3 0-0 9. 0-0 Nbd7 10. Rc1 c5 11. dxc5 Nxc5 12. b4 Ncd7 13. Qb3 Qb6 14. a3 Rfc8 15. Na4 Qd8 16. Qb2 h6 17. Ne5 b5 18. Nc3 Nxe5 1/2-1/2

[Event "Chojnice op-A 4th"]
[Site "Chojnice"]
[Date "2008.07.14"]
[Round "3"]
[White "Myc, Marcin"]
[Black "Wypych, Dominik"]
[Result "1-0"]
[WhiteElo "2312"]
[BlackElo "2085"]
[PlyCount "119"]
[EventDate "2008.07.12"]
[EventType "swiss"]
[EventRounds "9"]
[EventCountry "POL"]
[SourceTitle "EXT 2018"]
[Source "ChessBase"]
[SourceDate "2017.10.13"]
[SourceVersion "1"]
[SourceVersionDate "2017.10.13"]
[SourceQuality "1"]

1. d4 Nf6 2. c4 g6 3. Nc3 Bg7 4. e4 d6 5. f3 0-0 6. Bg5 Nbd7 7. Qd2 e5 8. d5 h6 9. Be3 Ne8 10. 0-0-0 Kh7 11. h4 c5 12. Nge2 Nb6 13. b3 Bd7 14. h5 g5 15. Ng3 Nc8 16. Bd3 Kg8 17. Nf5 f6 18. g3 Ne7 19. f4 Nxf5 20. exf5 Rf7 21. Rdf1 a6 22. Ne4 b5 23. fxe5 fxe5 24. f6 Bxf6 25. Rf2 Ra7 26. Nxf6+ Rxf6 27. Bxg5 Rxf2 28. Bxd8 Rxd2 29. Kxd2 Bg4 30. Rh4 Bc8 31. Bg6 Ng7 32. Rh1 Nf5 33. g4 Nd4 34. g5 Rd7 35. Bf6 Nf3+ 36. Ke3 Nxg5 37. Bxg5 hxg5 38. h6 Rd8 39. Rf1 bxc4 40. bxc4 Bd7 41. Rf7 Bc8 42. Rg7+ Kh8 43. Be4 g4 44. Kf2 Rf8+ 45. Kg3 Rf4 46. Bg6 Rf6 47. Kh4 Rf8 48. Rc7 Rd8 49. Kg5 g3 50. Rh7+ Kg8 51. Rg7+ Kh8 52. Be4 Rg8 53. Kf6 Rf8+ 54. Ke7 Rf4 55. Bd3 Bf5 56. Bxf5 Rxf5 57. Rxg3 Kh7 58. Kxd6 Kxh6 59. Kxc5 e4 60. Kd4 1-0

[Event "Chojnice op-A 4th"]
[Site "Chojnice"]
[Date "2008.07.14"]
[Round "4"]
[White "Sharapov, Evgeny"]
[Black "Myc, Marcin"]
[Result "1/2-1/2"]
[WhiteElo "2431"]
[BlackElo "2312"]
[PlyCount "37"]
[EventDate "2008.07.12"]
[EventType "swiss"]
[EventRounds "9"]
[EventCountry "POL"]
[SourceTitle "EXT 2018"]
[Source "ChessBase"]
[SourceDate "2017.10.13"]
[SourceVersion "1"]
[SourceVersionDate "2017.10.13"]
[SourceQuality "1"]

1. e4 c6 2. d4 d5 3. e5 Bf5 4. Be3 e6 5. c4 dxc4 6. Bxc4 Nd7 7. Nc3 Ne7 8. Nge2 Nb6 9. Bb3 Ned5 10. Bd2 Be7 11. 0-0 0-0 12. Ng3 Nxc3 13. bxc3 Bd3 14. Qg4 c5 15. dxc5 Nd7 16. Rfe1 Nxc5 17. Rad1 Qc7 18. Bc4 Rfd8 19. Bh6 1/2-1/2